000 00713nam a2200217 a 4500
001 000034953
005 20200930074017.0
008 111024s1955 ag 000 0 spa d
040 _aDO-SdBNP
_bspa
_cBNPHU
041 1 7 _aspa
_hger
100 1 _aJung, C. G.
_960544
240 1 2 _aPsychologie und Religion
_lSpanish
245 1 0 _aPsicología y religión /
_cCarl Gustav Jung ; tr. Ilse T.M. de Brugger.
260 _aBuenos Aires :
_bEdiciones Paidós,
_c1955.
300 _a163 p. ;
_c21 cm.
490 1 _aPaidós studio
500 _aIncluye notas al pie de las páginas
590 _aPerteneció a la biblioteca personal de Juan Isidro Jimenes Grullón
830 0 _aPaidós studio
_949141
049 _aBNPD
999 _c34444
_d34444